| Tag |
First Indicator |
Second Indicator |
Subfields |
| LEADER |
00000cas a2200000 a 4500 |
| 001 |
in00005615621 |
| 008 |
010430c19939999ne qr pso 0 a0eng c |
| 006 |
m o d |
| 007 |
cr mnu|||||||| |
| 005 |
20250404152352.9 |
| 010 |
|
|
|a 2008233866
|
| 035 |
|
|
|a (OCoLC)ocm46841312
|
| 035 |
|
|
|a (OCoLC)ocm46841312
|
| 040 |
|
|
|a F#A
|b eng
|c F#A
|d OCLCQ
|d GUA
|d OCLCQ
|d DLC
|d OCLCF
|d OCLCO
|d OCLCQ
|d VT2
|d OCLCQ
|d UAB
|d QGK
|d UEJ
|
| 016 |
7 |
|
|a 2070135-4
|2 DE-600
|
| 019 |
|
|
|a 51162146
|a 1149270964
|a 1229819800
|a 1259059417
|a 1334486997
|a 1440352601
|
| 022 |
|
|
|a 1875-8835
|l 1069-2509
|2 j
|
| 035 |
|
|
|a (OCoLC)46841312
|z (OCoLC)51162146
|z (OCoLC)1149270964
|z (OCoLC)1229819800
|z (OCoLC)1259059417
|z (OCoLC)1334486997
|z (OCoLC)1440352601
|
| 042 |
|
|
|a pcc
|
| 050 |
1 |
4 |
|a TA345
|b .I536 Electronic
|
| 082 |
0 |
4 |
|a 620.00285
|
| 130 |
0 |
|
|a Integrated computer-aided engineering (Online)
|
| 222 |
|
0 |
|a Integrated computer-aided engineering
|b (Online)
|
| 245 |
1 |
0 |
|a Integrated computer-aided engineering.
|
| 246 |
1 |
3 |
|a ICAE
|
| 264 |
|
1 |
|a New York, NY :
|b John Wiley,
|c 1993-
|
| 264 |
3 |
1 |
|3 <2013-> :
|a [Amsterdam, Netherlands] :
|b IOS Press
|
| 300 |
|
|
|a 1 online resource
|
| 310 |
|
|
|a Quarterly,
|b <1995->
|
| 321 |
|
|
|a Six numbers a year,
|b 1993-
|
| 336 |
|
|
|a text
|b txt
|2 rdacontent
|
| 337 |
|
|
|a computer
|b c
|2 rdamedia
|
| 338 |
|
|
|a online resource
|b cr
|2 rdacarrier
|
| 362 |
1 |
|
|a Print began with vol. 1, no. 1 (1993).
|
| 530 |
|
|
|a Also issued in print.
|
| 538 |
|
|
|a Mode of access: World Wide Web.
|
| 588 |
0 |
|
|a Vol. 5, no. 1 (1998); title from contents screen (EbscoHost, viewed June 19, 2008).
|
| 588 |
1 |
|
|a Vol. 15, no. 3 (Jan. 2008), viewed June 19, 2008.
|
| 650 |
|
0 |
|a Computer-aided engineering
|v Periodicals.
|
| 650 |
|
7 |
|a Computer-aided engineering.
|2 fast
|0 (OCoLC)fst00872718
|
| 655 |
|
0 |
|a Electronic journals.
|
| 655 |
|
7 |
|a Periodicals.
|2 fast
|0 (OCoLC)fst01411641
|
| 776 |
0 |
8 |
|i Print version:
|t Integrated computer-aided engineering
|x 1069-2509
|w (DLC) 94649617
|w (OCoLC)27965046
|
| 029 |
1 |
|
|a AU@
|b 000043186964
|
| 029 |
1 |
|
|a NZ1
|b 16072844
|
| 029 |
1 |
|
|a NZ1
|b 16255151
|
| 029 |
1 |
|
|a OCLCS
|b 9798
|
| 029 |
1 |
|
|a OCLCS
|b OP-22849
|
| 029 |
1 |
|
|a AU@
|b 000068477721
|
| 994 |
|
|
|a Z0
|b TXA
|
| 948 |
|
|
|h HELD BY TXA - 1032 OTHER HOLDINGS
|
| 999 |
f |
f |
|i 375f6ebe-0d62-4847-b741-fdfd59f43ab2
|s 9d39f47e-09f9-4dc8-974c-39be1a0ab5bb
|t 0
|
| 952 |
f |
f |
|a Texas A&M University
|b College Station
|c Electronic Resources
|d Available Online
|t 0
|e TA345 .I536
|g Electronic
|h Library of Congress classification
|
| 998 |
f |
f |
|a TA345 .I536
|t 0
|l Available Online
|